Proyecto conservación y uso sostenible de la biodiversidad en los andes colombianos (Registro nro. 6060)

Detalles MARC
000 -CABECERA
Campo de control 01637nam a2200277 a 4500
005 - FECHA Y HORA DE LA ULTIMA TRANSACCION
Campo de control 20180803165335.0
008 - ELEMENTOS DE LONGITUD FIJA—INFORMACION GENERAL
Campo de control 131028b ck ||||| |||| 00| 0 spa d
041 ## - IDIOMA
Código de idioma para texto/pista de sonido o título separado Español
044 ## - PAÍS DE PUBLICACIÓN
País de publicación Colombia
082 ## - NUMERO DE CLASIFICACION DECIMAL DEWEY
Número de clasificación 333.9516
Número del ítem A28p
110 ## - ASIENTO PRINCIPAL--NOMBRE CORPORATIVO
Unidad subordinad Asociación Red Colombiana de Reservas Naturales de la Sociedad Civil
245 ## - MENCION DE TITULO
Título Proyecto conservación y uso sostenible de la biodiversidad en los andes colombianos
Parte restante del título Informe anual 2004
Mención de responsabilidad Alan Aguia Agudelo ...[et al]. compilación y edición de textos Carmen Lucia Jaramillo Hoyos, Claudia María Villa García, Liliana Rodríguez Salamanca ; fotografías Francisco Antonio Nieto Montaño.
260 ## - PUBLICACION, DISTRIBUCION, ETC. (PIE DE IMPRENTA)
Lugar de publicación, distribución, etc. Bogotá
Nombre del editor, distribuidor, etc. Instituto Alexander von Humboldt
Fecha de publicación, distribución, etc. c2005
300 ## - DESCRIPCION FISICA
Extensión 134 p.
Otros detalles físicos il., (col), mapas
Dimensiones 28 cm.
500 ## - NOTA GENERAL
Nota general Proyecto Andes
520 ## - NOTA DE RESUMEN, ETC.
Nota de resumen Se resume un proyecto que busca promover la conservación y el uso sostenible de la biodiversidad en los Andes colombianos, a través del fortalecimiento de las iniciativas privadas en el manejo de las reservas naturales de la sociedad civil de creación de nuevas reservas en cuatro regionaes donde operan los nodos de la RED.
650 16 - ASIENTO SECUNDARIO DE MATERIA - TERMINO TEMATICO
Término temático o nombre geográfico como elemento de entrada Conservación de la diversidad biológica
Subdivisión de forma Informes
Subdivisión geográfica Colombia
650 ## - ASIENTO SECUNDARIO DE MATERIA - TERMINO TEMATICO
Término temático o nombre geográfico como elemento de entrada Conservación de los recursos naturales
Subdivisión de forma Informes
Subdivisión geográfica Colombia
650 ## - ASIENTO SECUNDARIO DE MATERIA - TERMINO TEMATICO
Término temático o nombre geográfico como elemento de entrada Uso sostenible de la biodiversidad
650 ## - ASIENTO SECUNDARIO DE MATERIA - TERMINO TEMATICO
Término temático o nombre geográfico como elemento de entrada Estrategias de conservación
700 12 - ASIENTO SECUNDARIO - NOMBRE PERSONAL
Nombre personal Aguía Agudelo, Alan
700 12 - ASIENTO SECUNDARIO - NOMBRE PERSONAL
Nombre personal Villa García, Claudia María
Fechas asociadas con el nombre ed
700 12 - ASIENTO SECUNDARIO - NOMBRE PERSONAL
Nombre personal Gaitán Uribe, María Margarita
Fechas asociadas con el nombre ed
700 12 - ASIENTO SECUNDARIO - NOMBRE PERSONAL
Nombre personal Nieto Montaño, Francisco Antoni
Fechas asociadas con el nombre fot
942 ## - ELEMENTOS ADICIONALES (KOHA)
Sistema de clasificación Dewey Decimal Classification
Tipo de ítem Impreso
Koha issues (borrowed), all copies 1
Existencias
Withdrawn status Lost status Sistema de Clasificación Damaged status No para préstamo Colección Inventariado Ubicación Permanente Ubicación actual Fecha de adquisición Fuente de Valor Valor Total Checkouts Número topográfico Inventario / Código de Barras Date last seen Date checked out Ejemplar Price effective from Forma de adquisición Tipo de material
    Dewey Decimal Classification     Humboldt Inventariado 2017 Bogotá Bogotá 28/10/2013 Instituto 30000.00 1 IAVH-333.9516 A28p 029216 16/08/2017 16/08/2017 Ej. 1 28/10/2013 Institucional Libro
    Dewey Decimal Classification     Humboldt Inventariado 2017 Bogotá Bogotá 29/10/2013 Instituto 30000.00   IAVH-333.9516 A28p 028981 29/10/2013   Ej. 2 29/10/2013 Institucional Libro